Loading...

Anubhavam orma yatra /

Bibliographic Details
Main Author: Muneer, M.K
Format: Printed Book
Language:Malayalam
Published: Kozhikode : Olive Publications, 2013.
Subjects:
LEADER 00594 a2200157 4500
008 141201b xxu||||| |||| 00| 0 mal d
020 |a 9789381788356 
082 |a 324.254830924M1 
100 |a Muneer, M.K. 
245 |a Anubhavam orma yatra /  |c M. K. Muneer. 
260 |c 2013.  |b Olive Publications,  |a Kozhikode : 
300 |a 233p. ;  |c 22 cm. 
650 |a Muneer M.K.  |x Biography. 
942 |2 ddc  |c BK 
999 |c 103925  |d 103925 
952 |0 0  |1 0  |4 0  |6 324_000000000000000_254830924M1_MUN_A_M  |7 0  |9 105250  |a UL  |b UL  |c ST1  |d 2014-01-06  |e 2  |g 108.80  |l 11  |m 2  |o 324.254830924M1 MUN/A M  |p 91291  |r 2021-12-13  |s 2021-11-23  |v 160.00  |y BK